书目信息 |
| 题名: |
寓圃杂记谷山笔麈
|
|
| 作者: | 王錹 , 于慎行 撰 ;张德信 , 吕景琳 点校 | |
| 分册: | ||
| 出版信息: | 北京 中华书局 1984 |
|
| 页数: | 221页 | |
| 开本: | 19cm | |
| 丛书名: | 元明史料笔记丛刊 | |
| 单 册: | ||
| 中图分类: | K248.06 | |
| 科图分类: | ||
| 主题词: | 中国--历史 | |
| 电子资源: | ||
| ISBN: | ||
| 000 | 00845nam2 2200301 45 | |
| 001 | 0184012977 | |
| 005 | 20040506150151.6 | |
| 010 | @dCNY1.00 | |
| 091 | @a11018.1253 | |
| 100 | @a19950516d1984 em y0chiy0121 ea | |
| 101 | 0 | @achi |
| 102 | @aCN@b110000 | |
| 105 | @ay z 000yy | |
| 106 | @ar | |
| 200 | 10 | @a寓圃杂记谷山笔麈@Ayu pu za ji gu shan bi zhu@f(明)王錹, 于慎行撰@g张德信,吕景琳点校 |
| 210 | @a北京@c中华书局@d1984 | |
| 215 | @a221页@d19cm | |
| 225 | 2 | @a元明史料笔记丛刊 |
| 410 | 0 | @120010@a元明史料笔记丛刊 |
| 606 | 0 | @a中国@x历史 |
| 690 | @aK248.06 | |
| 701 | 0 | @a王錹@Awang qi@4撰 |
| 701 | 0 | @a于慎行@Ayu shen hang@4撰 |
| 702 | 0 | @a张德信@Azhang de xin@4点校 |
| 702 | 0 | @a吕景琳@Alu jing lin@4点校 |
| 801 | 0 | @aCN@b上海图书馆@c20040506 |
| 801 | 2 | @aCN@bNLC@c20040506 |
| 905 | @f3@b119456-458@dK248.06@e16 | |
| 寓圃杂记谷山笔麈/(明)王錹, 于慎行撰/张德信,吕景琳点校.-北京:中华书局,1984 |
| 221页;19cm.-(元明史料笔记丛刊) |
| ISBN :CNY1.00 |
| ● |
| 相关链接 |
|
|
|
|
正题名:寓圃杂记谷山笔麈
索取号:K248.06/16
 
预约/预借
| 序号 | 登录号 | 条形码 | 馆藏地/架位号 | 状态 | 备注 |
| 1 | 0119450 | 001604785 | 密集书库/ [索取号:K248.06/16] | 在馆 | |
| 2 | 0119451 | 001531024 | 密集书库/ [索取号:K248.06/16] | 在馆 | |
| 3 | 0119452 | 001530793 | 密集书库/ [索取号:K248.06/16] | 在馆 | |
| 4 | 0119453 | 001604776 | 密集书库/ [索取号:K248.06/16] | 在馆 | |
| 5 | 0119454 | 001530800 | 密集书库/ [索取号:K248.06/16] | 在馆 | |
| 6 | 0119455 | 001530837 | 密集书库/ [索取号:K248.06/16] | 在馆 | |
| 7 | 0119456 | 001311654 | 第二借阅区/ [索取号:K248.06/16] | 在馆 | |
| 8 | 0119457 | 001311663 | 第二样本阅览室/ [索取号:K248.06/16] | 在馆 | |
| 9 | 0119458 | 000647731 | 第二借阅区/ [索取号:K248.06/16] | 在馆 | |
| 10 | 0119459 | 001604838 | 密集书库/ [索取号:K248.06/16] | 在馆 |